[Event "LSS CP-2006-P-00088"]
[Site "LSS email"]
[Date "2006.10.01"]
[Round "?"]
[White "Vyt, Johan"]
[Black "Tortosa, Horacio"]
[Result "0-1"]
[WhiteElo "1833"]
[BlackElo "1886"]
[PlyCount "20"]
[EventDate "2006.10.01"]
[EventType "tourn (corr)"]
[EventRounds "6"]
[EventCountry "GER"]
[SourceTitle "Corr 2015"]
[Source "ChessBase"]
[SourceDate "2015.07.17"]
[SourceVersion "1"]
[SourceVersionDate "2015.07.17"]
[SourceQuality "1"]

1. d4 Nf6 2. c4 g6 3. Nc3 Bg7 4. e4 d6 5. Nf3 0-0 6. Be2 e5 7. 0-0 Nc6 8. d5 Ne7 9. b4 Nh5 10. Re1 a5 0-1

[Event "IECG WC.2005.F.00004 email"]
[Site "IECG email"]
[Date "2006.06.05"]
[Round "?"]
[White "Vyt, Johan"]
[Black "Prieto, Carlos"]
[Result "0-1"]
[WhiteElo "1800"]
[BlackElo "1848"]
[PlyCount "98"]
[EventDate "2006.06.05"]
[EventType "tourn (corr)"]
[EventRounds "14"]
[SourceTitle "Corr 2008"]
[Source "ChessBase"]
[SourceDate "2008.06.24"]
[SourceVersion "1"]
[SourceVersionDate "2008.06.24"]
[SourceQuality "1"]

1. d4 d5 2. c4 e6 3. Nc3 c6 4. Nf3 dxc4 5. Bg5 Be7 6. Bxe7 Nxe7 7. a4 Nd5 8. a5 c5 9. e4 Nxc3 10. bxc3 Qc7 11. Qa4+ Bd7 12. Qxc4 0-0 13. Bd3 Rc8 14. 0-0 cxd4 15. Qxc7 Rxc7 16. cxd4 Rc3 17. Rfd1 Nc6 18. Kf1 a6 19. Ke2 Nb4 20. Ne5 Bb5 21. Bxb5 axb5 22. Kf1 Nc2 23. Ra2 b4 24. d5 exd5 25. exd5 b3 26. Rb2 Na3 27. d6 f6 28. d7 Rd8 29. Ng4 Nc4 30. Re2 Kf8 31. Ne3 Nxa5 32. Red2 Rc7 33. h3 b5 34. Rd5 Rb7 35. R5d4 b4 36. R4d2 Nc6 37. Ke2 Kf7 38. f4 Nb8 39. Rb2 Rbxd7 40. Rc1 Rd3 41. Rc7+ Kf8 42. f5 h6 43. Rc1 R3d6 44. Rxb3 Nc6 45. Kf1 Rb8 46. Rcb1 h5 47. Nc2 Rd5 48. g4 hxg4 49. hxg4 Kf7 0-1

[Event "IECG WC.2004.F.00005"]
[Site "IECG email"]
[Date "2005.05.16"]
[Round "?"]
[White "Shutov, Andry"]
[Black "Vyt, Johan"]
[Result "1/2-1/2"]
[WhiteElo "1769"]
[BlackElo "1839"]
[PlyCount "59"]
[EventDate "2005.05.16"]
[EventType "tourn (corr)"]
[EventRounds "6"]
[SourceTitle "Corr 2008"]
[Source "ChessBase"]
[SourceDate "2008.06.24"]
[SourceVersion "1"]
[SourceVersionDate "2008.06.24"]
[SourceQuality "1"]

1. e4 c5 2. b4 b6 3. bxc5 bxc5 4. Nc3 Nc6 5. Nf3 Rb8 6. Bc4 g6 7. d3 Bg7 8. Bd2 e6 9. 0-0 Nge7 10. Rb1 Rxb1 11. Qxb1 d5 12. Bb3 0-0 13. Re1 Nd4 14. Qd1 Bb7 15. exd5 Nxd5 16. Nxd5 Bxd5 17. Ne5 Qc7 18. Bf4 g5 19. Bg3 Qa5 20. Bxd5 exd5 21. Nd7 Rd8 22. Re7 Qxa2 23. Qe1 Nxc2 24. Re8+ Bf8 25. Rxd8 Nxe1 26. Be5 h5 27. Rxf8+ Kh7 28. Rxf7+ Kg6 29. Rf6+ Kh7 30. Rf7+ 1/2-1/2

[Event "IECG WC.2004.F.00005"]
[Site "IECG email"]
[Date "2005.05.16"]
[Round "?"]
[White "Wisham, Clyde"]
[Black "Vyt, Johan"]
[Result "1-0"]
[WhiteElo "1665"]
[BlackElo "1839"]
[PlyCount "87"]
[EventDate "2005.05.16"]
[EventType "tourn (corr)"]
[EventRounds "6"]
[SourceTitle "Corr 2008"]
[Source "ChessBase"]
[SourceDate "2008.06.24"]
[SourceVersion "1"]
[SourceVersionDate "2008.06.24"]
[SourceQuality "1"]

1. d4 Nf6 2. Nf3 d5 3. c4 c6 4. Nc3 e6 5. Bg5 Nbd7 6. e3 Qa5 7. Nd2 Bb4 8. Qc2 0-0 9. Nb3 Qa4 10. f3 dxc4 11. Bxc4 Bxc3+ 12. Qxc3 Nd5 13. Bxd5 cxd5 14. Na5 f6 15. b3 Qa3 16. Bf4 e5 17. dxe5 fxe5 18. Bg3 d4 19. exd4 exd4 20. Qd2 Qe7+ 21. Kf2 Nc5 22. Rhe1 Qf6 23. b4 Ne6 24. Rad1 Rd8 25. Be5 Qf7 26. Qb2 Qg6 27. Qb3 Kh8 28. Qd3 Qf7 29. a3 Ng5 30. Bxd4 Bf5 31. Qe3 Ne6 32. Bxa7 Rdc8 33. Bb6 Nf8 34. Rc1 Qg6 35. Nc4 Nd7 36. Bd4 b5 37. Ne5 Nxe5 38. Bxe5 Bc2 39. Bb2 Bd3 40. Rxc8+ Rxc8 41. Bc3 h6 42. Qd4 Bc4 43. Re7 Bf7 44. Rb7 1-0

[Event "IECG WC.2009.P.00027"]
[Site "IECG email"]
[Date "2005.02.28"]
[Round "?"]
[White "Mori, Roberto"]
[Black "Vyt, Johan"]
[Result "1/2-1/2"]
[WhiteElo "1247"]
[BlackElo "1823"]
[PlyCount "83"]
[EventDate "2005.02.28"]
[EventType "tourn (corr)"]
[EventRounds "6"]
[SourceTitle "Corr 2008"]
[Source "ChessBase"]
[SourceDate "2008.06.24"]
[SourceVersion "1"]
[SourceVersionDate "2008.06.24"]
[SourceQuality "1"]

1. e4 c5 2. Nf3 d6 3. d4 cxd4 4. Nxd4 Nf6 5. Nc3 a6 6. Bd3 Nc6 7. Nxc6 bxc6 8. 0-0 e5 9. f4 exf4 10. Rxf4 Qb6+ 11. Kh1 Be7 12. Na4 Qc7 13. Be3 Be6 14. Bb6 Qb8 15. Qf1 Nd7 16. Ba5 Bf6 17. Rd1 0-0 18. h3 Qa7 19. Bc4 Qb7 20. Bb3 Be5 21. Rf3 c5 22. Bxe6 fxe6 23. Qc4 Rxf3 24. gxf3 Qb5 25. b3 Qxc4 26. bxc4 Rf8 27. Kg2 Kf7 28. Bd2 Ke7 29. Bg5+ Bf6 30. Bxf6+ gxf6 31. Rb1 Rb8 32. Rxb8 Nxb8 33. f4 Nc6 34. c3 Kd7 35. Kf3 Ne7 36. e5 fxe5 37. fxe5 Nc6 38. exd6 Kxd6 39. Ke4 Nd8 40. Kf4 Nf7 41. Nb2 Ne5 42. Ke4 1/2-1/2

[Event "IECG WC.2009.P.00027"]
[Site "IECG email"]
[Date "2005.02.28"]
[Round "?"]
[White "Vyt, Johan"]
[Black "McLeod, Sylvester"]
[Result "0-1"]
[WhiteElo "1823"]
[BlackElo "2085"]
[PlyCount "116"]
[EventDate "2005.02.28"]
[EventType "tourn (corr)"]
[EventRounds "6"]
[SourceTitle "Corr 2008"]
[Source "ChessBase"]
[SourceDate "2008.06.24"]
[SourceVersion "1"]
[SourceVersionDate "2008.06.24"]
[SourceQuality "1"]

1. d4 d5 2. c4 e6 3. Nc3 Nf6 4. Bg5 Be7 5. Nf3 0-0 6. e3 Nbd7 7. Qc2 c5 8. 0-0-0 Qa5 9. Kb1 cxd4 10. exd4 Bb4 11. cxd5 exd5 12. Bd3 Bxc3 13. Qxc3 Qxc3 14. bxc3 h6 15. Bf4 Nb6 16. Nd2 Be6 17. Kc2 Rfc8 18. Rhe1 Na4 19. Nb1 Ne4 20. Bxe4 dxe4 21. d5 Bf5 22. Be3 a5 23. h3 b5 24. g4 Bd7 25. Bd4 b4 26. Rc1 f5 27. gxf5 bxc3 28. Rg1 g5 29. fxg6 Rab8 30. Nxc3 Rb2+ 31. Kd1 Nxc3+ 32. Bxc3 Ba4+ 33. Ke1 Rxc3 34. Rxc3 Rb1+ 35. Kd2 Rxg1 36. Rc5 Rxg6 37. Rxa5 Bd7 38. Ke3 Bxh3 39. Kxe4 Rf6 40. f4 Kg7 41. Ra3 Bd7 42. Ra7 Rf7 43. Ke5 h5 44. a4 h4 45. a5 h3 46. Rc7 Bg4 47. Rc2 Re7+ 48. Kd4 Re2 49. Rc7+ Kg6 50. Rc6+ Kf5 51. Rh6 Ra2 52. a6 Kxf4 53. Kc5 Kg5 54. Rh8 Rxa6 55. d6 Ra1 56. Rg8+ Kh4 57. Rh8+ Kg3 58. Kc6 h2 0-1

[Event "IECG CB.2004.0.00106 email"]
[Site "IECG email"]
[Date "2004.02.23"]
[Round "?"]
[White "Vyt, Johan"]
[Black "Brayman, Neal Zvi"]
[Result "1/2-1/2"]
[WhiteElo "1816"]
[BlackElo "1830"]
[PlyCount "84"]
[EventDate "2004.02.23"]
[EventType "tourn (corr)"]
[EventRounds "6"]
[SourceTitle "Corr 2008"]
[Source "ChessBase"]
[SourceDate "2008.06.24"]
[SourceVersion "1"]
[SourceVersionDate "2008.06.24"]
[SourceQuality "1"]

1. d4 e6 2. c4 d5 3. Nc3 c5 4. cxd5 exd5 5. Nf3 Nc6 6. g3 Nf6 7. Bg2 Be7 8. 0-0 0-0 9. dxc5 Bxc5 10. Na4 Be7 11. Nd4 Bg4 12. Bg5 Qd7 13. Rc1 h6 14. Nxc6 bxc6 15. Bxf6 Bxf6 16. Re1 Rab8 17. Qc2 Rfe8 18. e3 Re7 19. b3 Rc8 20. Nc5 Qd6 21. h3 Be6 22. Red1 Ree8 23. e4 Qb8 24. Nxe6 fxe6 25. f4 Qb6+ 26. Kh1 Bd4 27. Qd3 Bf2 28. Rc3 d4 29. Rc2 Be3 30. e5 Qb7 31. b4 Qf7 32. Kh2 h5 33. Be4 h4 34. Rf1 hxg3+ 35. Kxg3 Rf8 36. Bh7+ Kh8 37. Bg6 Bxf4+ 38. Kg4 Qe7 39. Rxf4 Rxf4+ 40. Kxf4 Qh4+ 41. Kf3 Qxh3+ 42. Ke2 Qg2+ 1/2-1/2

[Event "IECG CB.2004.0.00106 email"]
[Site "IECG email"]
[Date "2004.02.23"]
[Round "?"]
[White "Vyt, Johan"]
[Black "Van Gysel, Marc"]
[Result "0-1"]
[WhiteElo "1816"]
[BlackElo "1800"]
[PlyCount "94"]
[EventDate "2004.02.23"]
[EventType "tourn (corr)"]
[EventRounds "6"]
[SourceTitle "Corr 2008"]
[Source "ChessBase"]
[SourceDate "2008.06.24"]
[SourceVersion "1"]
[SourceVersionDate "2008.06.24"]
[SourceQuality "1"]

1. d4 Nf6 2. c4 c5 3. d5 e6 4. Nc3 exd5 5. cxd5 d6 6. Nf3 g6 7. Nd2 Bg7 8. e4 0-0 9. Be2 Na6 10. 0-0 Nc7 11. a4 b6 12. Re1 Kh8 13. Nc4 Ba6 14. Bg5 h6 15. Bh4 Qd7 16. e5 dxe5 17. Nxe5 Bxe2 18. Nxd7 Bxd1 19. Bxf6 Bxf6 20. Nxf8 Bg4 21. d6 Ne8 22. h3 Bf5 23. Rad1 Kg7 24. g4 Bc2 25. Rd2 Bb3 26. Nd7 Bg5 27. Rd3 Bc2 28. Rf3 Rd8 29. Re2 Bb3 30. Ne5 Nxd6 31. a5 b5 32. Nc6 Rd7 33. Re5 b4 34. Nb5 Ba4 35. Nbxa7 c4 36. a6 Bd1 37. Rg3 c3 38. bxc3 b3 39. Rd3 Bc2 40. Rd4 Bf6 41. f4 Bxe5 42. fxe5 b2 43. Rb4 Nc4 44. Nb5 Rd1+ 45. Kf2 Be4 46. Na5 b1Q 47. Rxb1 Rxb1 0-1

[Event "IECG CP.2003.P.00090 email"]
[Site "IECG email"]
[Date "2003.10.01"]
[Round "?"]
[White "Vyt, Johan"]
[Black "Desrochers, Marcel"]
[Result "1-0"]
[WhiteElo "1826"]
[BlackElo "704"]
[PlyCount "56"]
[EventDate "2003.10.01"]
[EventType "tourn (corr)"]
[EventRounds "6"]
[EventCountry "GER"]
[SourceTitle "Corr 2008"]
[Source "ChessBase"]
[SourceDate "2008.06.24"]
[SourceVersion "1"]
[SourceVersionDate "2008.06.24"]
[SourceQuality "1"]

1. d4 Nf6 2. c4 e6 3. Nc3 Bb4 4. Qc2 0-0 5. a3 Bxc3+ 6. Qxc3 Ne4 7. Qc2 f5 8. Nh3 Nc6 9. e3 Qh4 10. g3 Qh5 11. Nf4 Qf7 12. Bg2 Nf6 13. 0-0 d5 14. Nd3 Ne4 15. b3 Bd7 16. Bb2 b6 17. Rfd1 g5 18. cxd5 exd5 19. f3 Nd6 20. Ne5 Nxe5 21. dxe5 Ne8 22. Rxd5 c6 23. Rd3 f4 24. Rad1 Rd8 25. Qc3 Qe6 26. exf4 Nc7 27. Bh3 Qxh3 28. e6 Nxe6 1-0

[Event "IECG CB.2003.0.00073 email"]
[Site "IECG email"]
[Date "2003.03.16"]
[Round "?"]
[White "Malmstroem, Jan"]
[Black "Vyt, Johan"]
[Result "0-1"]
[WhiteElo "1904"]
[BlackElo "1785"]
[PlyCount "64"]
[EventDate "2003.03.16"]
[EventType "tourn (corr)"]
[EventRounds "6"]
[SourceTitle "Corr 2008"]
[Source "ChessBase"]
[SourceDate "2008.06.24"]
[SourceVersion "1"]
[SourceVersionDate "2008.06.24"]
[SourceQuality "1"]

1. e4 c5 2. Nf3 d6 3. d4 cxd4 4. Nxd4 Nf6 5. Nc3 a6 6. Be2 e5 7. Nb3 Be7 8. 0-0 0-0 9. Qd3 b5 10. a3 Bb7 11. Bg5 Nbd7 12. Rad1 Qc7 13. Qe3 Rfd8 14. Rd2 h6 15. Bh4 Nb6 16. f4 Na4 17. Nd1 Nxe4 18. Bxe7 Qxe7 19. Rd3 Nf6 20. fxe5 dxe5 21. Rxd8+ Rxd8 22. c4 bxc4 23. Bxc4 Qc7 24. Qe2 Nd5 25. g3 Nf6 26. h3 Nb6 27. Ne3 e4 28. Kh2 Nxc4 29. Qxc4 Qb6 30. Nc5 Qxb2+ 31. Kg1 Qe5 32. Rf4 Ba8 0-1

[Event "IECG CB.2003.0.00073 email"]
[Site "IECG email"]
[Date "2003.03.16"]
[Round "?"]
[White "Powell, William"]
[Black "Vyt, Johan"]
[Result "1-0"]
[WhiteElo "1800"]
[BlackElo "1785"]
[PlyCount "117"]
[EventDate "2003.03.16"]
[EventType "tourn (corr)"]
[EventRounds "6"]
[SourceTitle "Corr 2008"]
[Source "ChessBase"]
[SourceDate "2008.06.24"]
[SourceVersion "1"]
[SourceVersionDate "2008.06.24"]
[SourceQuality "1"]

1. e4 c5 2. Nf3 d6 3. d4 cxd4 4. Nxd4 Nf6 5. Nc3 a6 6. Bg5 e6 7. f4 Qc7 8. Qf3 b5 9. f5 b4 10. Ncb5 axb5 11. fxe6 Be7 12. e5 dxe5 13. Bxf6 gxf6 14. Bxb5+ Kf8 15. Nf5 fxe6 16. Nxe7 Kxe7 17. Qxa8 Qb6 18. Qa4 Qd4 19. Qb3 Bb7 20. Qc4 Bxg2 21. Qxd4 exd4 22. Rg1 Bc6 23. Bxc6 Nxc6 24. a4 bxa3 25. Rxa3 Rb8 26. Ra6 Kd6 27. b3 Rb7 28. Kd2 f5 29. Rg8 Rc7 30. h4 e5 31. h5 e4 32. h6 Ke5 33. Rg7 Rc8 34. Rxh7 Kf4 35. Ra4 Kf3 36. Rf7 e3+ 37. Kd1 f4 38. h7 Rh8 39. Ra2 Ne5 40. Re7 Ng6 41. Rf7 Nh4 42. Ra1 Ng2 43. b4 Kf2 44. b5 e2+ 45. Kd2 e1Q+ 46. Rxe1 Nxe1 47. b6 Nf3+ 48. Kd1 d3 49. b7 d2 50. Re7 Nd4 51. Kxd2 Nc6 52. Rc7 Nb8 53. c4 Na6 54. Rg7 f3 55. c5 Nb8 56. Rg8 Rxh7 57. Rxb8 Rc7 58. c6 Rxc6 59. Rd8 1-0

[Event "IECG WC.2006.P.00005 email"]
[Site "IECG email"]
[Date "2003.01.22"]
[Round "?"]
[White "Castillo, German"]
[Black "Vyt, Johan"]
[Result "1-0"]
[WhiteElo "1816"]
[BlackElo "1787"]
[PlyCount "55"]
[EventDate "2003.01.22"]
[EventType "tourn (corr)"]
[EventRounds "10"]
[SourceTitle "Corr 2008"]
[Source "ChessBase"]
[SourceDate "2008.06.24"]
[SourceVersion "1"]
[SourceVersionDate "2008.06.24"]
[SourceQuality "1"]

1. e4 c5 2. Nf3 d6 3. d4 cxd4 4. Nxd4 Nf6 5. Nc3 a6 6. Bg5 e6 7. f4 b5 8. e5 dxe5 9. fxe5 Qc7 10. Qe2 Nfd7 11. 0-0-0 Bb7 12. Qg4 Qxe5 13. Bxb5 axb5 14. Ncxb5 f5 15. Nxf5 exf5 16. Qc4 Na6 17. Rhe1 Be4 18. Rd5 Qe6 19. Nd4 Qg6 20. Rxf5 Nac5 21. Qd5 Ra5 22. Rxe4+ Nxe4 23. Qxe4+ Ne5 24. Bd2 Rc5 25. b4 Rc7 26. Rxe5+ Be7 27. Qa8+ Kf7 28. Qxh8 1-0

[Event "IECG WC.2006.P.00005 email"]
[Site "IECG email"]
[Date "2003.01.22"]
[Round "?"]
[White "Kulczycki, Michael"]
[Black "Vyt, Johan"]
[Result "1/2-1/2"]
[WhiteElo "2006"]
[BlackElo "1787"]
[PlyCount "85"]
[EventDate "2003.01.22"]
[EventType "tourn (corr)"]
[EventRounds "10"]
[SourceTitle "Corr 2008"]
[Source "ChessBase"]
[SourceDate "2008.06.24"]
[SourceVersion "1"]
[SourceVersionDate "2008.06.24"]
[SourceQuality "1"]

1. Nf3 d5 2. d4 Nf6 3. c4 c6 4. e3 Bf5 5. cxd5 cxd5 6. Qb3 Qc7 7. Nc3 e6 8. Bd2 Nc6 9. Bb5 Bd6 10. Rc1 a6 11. Nh4 Be4 12. f3 Bg6 13. Qa4 Rb8 14. Bxc6+ Qxc6 15. Qxc6+ bxc6 16. Nxg6 hxg6 17. Na4 Rc8 18. Nc5 Bxc5 19. Rxc5 Kd7 20. h3 Ne8 21. Kf2 Nd6 22. Rhc1 f6 23. R5c2 g5 24. Bb4 Nf7 25. Bc5 e5 26. Rc3 f5 27. Ra3 Ra8 28. b4 Rh4 29. Ra5 e4 30. a4 exf3 31. b5 fxg2 32. Rxa6 Rxa6 33. bxa6 Rh8 34. Rb1 Nd6 35. Kxg2 Kc7 36. Bxd6+ Kxd6 37. Rb7 Ra8 38. a7 c5 39. Rxg7 c4 40. Kf3 g4+ 41. hxg4 fxg4+ 42. Rxg4 Rxa7 43. Rg6+ 1/2-1/2

[Event "IECG WC.2006.P.00005 email"]
[Site "IECG email"]
[Date "2003.01.22"]
[Round "?"]
[White "Vyt, Johan"]
[Black "Alvebring, Martin"]
[Result "1/2-1/2"]
[WhiteElo "1787"]
[BlackElo "2308"]
[PlyCount "56"]
[EventDate "2003.01.22"]
[EventType "tourn (corr)"]
[EventRounds "10"]
[SourceTitle "Corr 2008"]
[Source "ChessBase"]
[SourceDate "2008.06.24"]
[SourceVersion "1"]
[SourceVersionDate "2008.06.24"]
[SourceQuality "1"]

1. d4 Nf6 2. c4 e6 3. Nc3 Bb4 4. Qc2 0-0 5. a3 Bxc3+ 6. Qxc3 b6 7. Bg5 Bb7 8. e3 d6 9. f3 Nbd7 10. Bd3 c5 11. Ne2 Rc8 12. Qb3 h6 13. Bh4 d5 14. cxd5 Bxd5 15. Qd1 cxd4 16. Nxd4 Ne5 17. Ba6 Bc4 18. Bxc4 Nxc4 19. Qe2 Qd7 20. Bxf6 gxf6 21. b3 Nd6 22. 0-0 e5 23. Nc2 Qb5 24. Qxb5 Nxb5 25. Rf2 Rc3 26. a4 Nc7 27. b4 Rd8 28. b5 a6 1/2-1/2

[Event "IECG CC.2002.0.00032 email"]
[Site "IECG email"]
[Date "2002.04.30"]
[Round "?"]
[White "Vyt, Johan"]
[Black "Altea, Eduardo"]
[Result "1-0"]
[WhiteElo "1675"]
[BlackElo "1633"]
[PlyCount "90"]
[EventDate "2002.05.08"]
[EventType "tourn (corr)"]
[EventRounds "6"]
[SourceTitle "Corr 2008"]
[Source "ChessBase"]
[SourceDate "2008.06.24"]
[SourceVersion "1"]
[SourceVersionDate "2008.06.24"]
[SourceQuality "1"]

1. d4 Nf6 2. c4 e5 3. dxe5 Ng4 4. Bf4 Nc6 5. Nf3 Bb4+ 6. Nbd2 Qe7 7. e3 Ngxe5 8. Nxe5 Nxe5 9. Be2 0-0 10. 0-0 Bxd2 11. Qxd2 d6 12. Rac1 Re8 13. b4 a5 14. b5 Bf5 15. Qd5 c6 16. Qd2 Red8 17. Rfd1 f6 18. a4 Kh8 19. Qd4 Be6 20. Rd2 Qc7 21. Rcd1 cxb5 22. cxb5 Rac8 23. e4 Bb3 24. Rb1 Qf7 25. Qb6 Re8 26. f3 f5 27. Qxd6 Nc4 28. Bxc4 Qxc4 29. exf5 Qxa4 30. f6 Qxb5 31. Bh6 a4 32. Bxg7+ Kg8 33. Bh6 Kf7 34. Rd4 b6 35. Qg3 Rg8 36. Qh3 Rcd8 37. Be3 h5 38. Rxd8 Rxd8 39. Qg3 Rd7 40. Qg7+ Ke6 41. Qh8 Rf7 42. Rc1 Qb4 43. Bf2 Rf8 44. Qxh5 Bc2 45. Qg5 Rxf6 1-0

[Event "IECG TE.2002.P.01016 email"]
[Site "IECG email"]
[Date "2002.03.28"]
[Round "?"]
[White "Jimenez, Joaquin Rodrigo"]
[Black "Vyt, Johan"]
[Result "1/2-1/2"]
[WhiteElo "2235"]
[BlackElo "1675"]
[PlyCount "61"]
[EventDate "2002.03.28"]
[EventType "tourn (corr)"]
[EventRounds "12"]
[SourceTitle "Corr 2008"]
[Source "ChessBase"]
[SourceDate "2008.06.24"]
[SourceVersion "1"]
[SourceVersionDate "2008.06.24"]
[SourceQuality "1"]

1. e4 e5 2. Nf3 Nc6 3. Bb5 Bc5 4. c3 Nf6 5. d4 Bb6 6. Nxe5 Nxe5 7. dxe5 Nxe4 8. Qg4 Bxf2+ 9. Ke2 Qh4 10. Qxg7 Rf8 11. Nd2 Nxd2 12. Bxd2 Bc5 13. Rhf1 a6 14. Bd3 d5 15. h3 Bd7 16. Bh6 0-0-0 17. Qg5 Qxg5 18. Bxg5 Rde8 19. Bf6 Be7 20. Bxh7 Bb5+ 21. Bd3 Bxf6 22. Rxf6 Rxe5+ 23. Kd2 Bxd3 24. Kxd3 Rfe8 25. Rf2 f5 26. Rh1 Re3+ 27. Kd2 Rg3 28. h4 Rh8 29. h5 Kd7 30. Rxf5 Rxg2+ 31. Ke3 1/2-1/2